[Event "Bremen Silvester op-A"]
[Site "Bremen"]
[Date "2022.12.29"]
[Round "6"]
[White "Weidenhoefer, Max"]
[Black "Pienski, Olaf"]
[Result "0-1"]
[WhiteElo "1847"]
[BlackElo "1897"]
[PlyCount "162"]
[EventDate "2022.12.27"]
[EventType "swiss"]
[EventRounds "7"]
[EventCountry "GER"]
[SourceTitle "CBM 211 Extra"]
[Source "ChessBase"]
[SourceDate "2023.01.31"]
[SourceVersion "1"]
[SourceVersionDate "2023.01.31"]
[SourceQuality "1"]

1. e4 Nf6 2. e5 Nd5 3. d4 Nb6 4. c4 d6 5. exd6 cxd6 6. Nf3 g6 7. Be2 Bg7 8. 0-0 0-0 9. Nc3 Bg4 10. b3 Nc6 11. Be3 e5 12. dxe5 dxe5 13. Rc1 f5 14. Ne1 Bxe2 15. Qxe2 Nd4 16. Qd2 Qd7 17. Bxd4 exd4 18. Ne2 Rad8 19. Rd1 Rfe8 20. Nf3 Re4 21. Qd3 Qe7 22. Ng3 Re8 23. Qd2 Qf6 24. Nxe4 fxe4 25. Rfe1 d3 26. Qg5 Qc6 27. Qe3 Bc3 28. Nd2 Nd7 29. Rc1 Bb4 30. Rcd1 Nf6 31. Qg5 Bc3 32. Re3 Bd4 33. Rh3 Re5 34. Qh6 Bxf2+ 35. Kh1 e3 36. Nf3 e2 37. Rc1 e1Q+ 38. Nxe1 Bxe1 39. Rxd3 Bb4 40. Rf1 Qe8 41. h3 Ne4 42. Qh4 Be7 43. Qf4 Bg5 44. Qg4 h5 45. Qd1 Bh4 46. Kh2 Qb8 47. Kg1 Ng3 48. Re1 Qe8 49. Rxe5 Qxe5 50. Rd2 Qe3+ 51. Kh2 Nf1+ 52. Qxf1 Qxd2 53. Qf3 Qd6+ 54. Kg1 Bg3 55. a4 h4 56. a5 Qc6 57. Qe3 b6 58. axb6 axb6 59. Kf1 Qf6+ 60. Ke2 Qb2+ 61. Kf3 Qf6+ 62. Ke2 Kf7 63. c5 bxc5 64. Qxc5 Qe5+ 65. Qxe5 Bxe5 66. Kf1 Ke6 67. Kg1 Kd6 68. Kh1 Kc5 69. Kg1 Kb4 70. Kh1 Kxb3 71. Kg1 Kc3 72. Kh1 Kd3 73. Kg1 Ke2 74. Kh1 Bf6 75. Kg1 Bd8 76. Kh2 Kf2 77. Kh1 Bc7 78. g3 Bd8 79. gxh4 Bxh4 80. Kh2 Kf3 81. Kh1 Kg3 0-1

[Event "Bremen Silvester op-A"]
[Site "Bremen"]
[Date "2022.12.27"]
[Round "1"]
[White "Pienski, Olaf"]
[Black "Asadzade, Idris"]
[Result "0-1"]
[WhiteElo "1897"]
[BlackElo "2194"]
[PlyCount "86"]
[EventDate "2022.12.27"]
[EventType "swiss"]
[EventRounds "7"]
[EventCountry "GER"]
[SourceTitle "CBM 211 Extra"]
[Source "ChessBase"]
[SourceDate "2023.01.31"]
[SourceVersion "1"]
[SourceVersionDate "2023.01.31"]
[SourceQuality "1"]

1. e4 c5 2. Nf3 d6 3. d4 Nf6 4. Nc3 cxd4 5. Nxd4 g6 6. Be3 a6 7. f3 h5 8. Qd2 Nbd7 9. Bc4 Ne5 10. Bb3 Bg7 11. 0-0-0 b5 12. h3 Bb7 13. Qe2 b4 14. Nd5 Nxd5 15. exd5 Qc7 16. f4 Nd7 17. f5 Nc5 18. fxg6 fxg6 19. Ne6 Nxe6 20. Ba4+ Kf8 21. dxe6 Qa5 22. Bb3 Qe5 23. Qf2+ Bf6 24. Bd4 Qg5+ 25. Kb1 Qxg2 26. Qxg2 Bxg2 27. Bxf6 exf6 28. Rhg1 Be4 29. Rxd6 Rh7 30. h4 Bf5 31. Rgd1 Re7 32. a3 bxa3 33. bxa3 a5 34. a4 Rb8 35. Rd8+ Re8 36. Rxb8 Rxb8 37. Ka2 Rb7 38. Rd8+ Ke7 39. Rh8 Rc7 40. Rh7+ Kd6 41. Rh6 Bxc2 42. Kb2 Bf5 43. Rh8 Bxe6 0-1

[Event "Bremen Silvester op"]
[Site "Bremen"]
[Date "2021.12.30"]
[Round "7"]
[White "Lambers, Gabriel"]
[Black "Pienski, Olaf"]
[Result "1/2-1/2"]
[WhiteElo "1670"]
[BlackElo "1906"]
[PlyCount "102"]
[EventDate "2021.12.21"]
[EventType "swiss"]
[EventRounds "7"]
[EventCountry "GER"]
[SourceTitle "CBM 205 Extra"]
[Source "ChessBase"]
[SourceDate "2022.01.31"]
[SourceVersion "1"]
[SourceVersionDate "2022.01.31"]
[SourceQuality "1"]

1. e4 e6 2. d4 d5 3. Nd2 Nf6 4. e5 Nfd7 5. Bd3 c5 6. c3 Nc6 7. Ne2 cxd4 8. cxd4 f6 9. exf6 Nxf6 10. 0-0 Bd6 11. Nf3 0-0 12. Bf4 Nh5 13. Bxd6 Qxd6 14. Qc2 Nf6 15. Rac1 Nb4 16. Qb3 Nxd3 17. Qxd3 Bd7 18. Ne5 Rac8 19. f3 Qb6 20. Nxd7 Nxd7 21. Qb3 Qxb3 22. axb3 Nb8 23. Rxc8 Rxc8 24. Rc1 Rxc1+ 25. Nxc1 Nc6 26. Ne2 Nb4 27. Kf2 Kf7 28. Ke3 Kf6 29. g3 e5 30. dxe5+ Kxe5 31. Nd4 a6 32. f4+ Kf6 33. g4 g6 34. Nf3 Nc6 35. h3 h6 36. Nh4 g5 37. Ng2 gxf4+ 38. Kxf4 Nd4 39. h4 Nxb3 40. g5+ Kg7 41. gxh6+ Kxh6 42. Ke3 d4+ 43. Kd3 Kh5 44. Kc4 Nd2+ 45. Kxd4 b5 46. Kc5 Nc4 47. b3 Nd2 48. Kb4 Kg4 49. Ka5 Nxb3+ 50. Kxa6 Nd4 51. Ka5 Nf3 1/2-1/2

[Event "Bremen Silvester op"]
[Site "Bremen"]
[Date "2021.12.28"]
[Round "3"]
[White "Pienski, Olaf"]
[Black "Kieselbach, Jannik"]
[Result "1-0"]
[WhiteElo "1906"]
[BlackElo "1560"]
[PlyCount "93"]
[EventDate "2021.12.21"]
[EventType "swiss"]
[EventRounds "7"]
[EventCountry "GER"]
[SourceTitle "CBM 205 Extra"]
[Source "ChessBase"]
[SourceDate "2022.01.31"]
[SourceVersion "1"]
[SourceVersionDate "2022.01.31"]
[SourceQuality "1"]

1. e4 c5 2. Nf3 d6 3. d4 cxd4 4. Nxd4 Nf6 5. Nc3 a6 6. g3 e5 7. Nde2 Be7 8. Bg2 0-0 9. 0-0 Nc6 10. h3 g6 11. Bh6 Re8 12. Qd2 Be6 13. Nd5 Bxd5 14. exd5 Na7 15. c4 Nh5 16. g4 Ng7 17. Ng3 Qc8 18. Qd3 Qd8 19. a4 Bg5 20. Bxg5 Qxg5 21. Ne4 Qd8 22. Qa3 Nc8 23. g5 Nh5 24. Rae1 f5 25. gxf6 Nxf6 26. Nxf6+ Qxf6 27. f4 e4 28. Qe3 Ne7 29. Qf2 b5 30. Rxe4 bxc4 31. Rfe1 Qf7 32. Qe3 Kf8 33. Qd4 Kg8 34. Qxc4 Rec8 35. Qd3 Nxd5 36. Rd4 Nxf4 37. Rxf4 Qxf4 38. Bxa8 Rxa8 39. Qd5+ Kg7 40. Qxa8 Qd4+ 41. Kf1 Qd3+ 42. Kf2 Qd2+ 43. Re2 Qd4+ 44. Kg2 d5 45. Qxa6 Kh6 46. Qe6 Qc4 47. Qe3+ 1-0

[Event "Bremen Silvester op"]
[Site "Bremen"]
[Date "2021.12.27"]
[Round "2"]
[White "Knuedel, Torben"]
[Black "Pienski, Olaf"]
[Result "1-0"]
[WhiteElo "2187"]
[BlackElo "1906"]
[PlyCount "95"]
[EventDate "2021.12.21"]
[EventType "swiss"]
[EventRounds "7"]
[EventCountry "GER"]
[SourceTitle "CBM 205 Extra"]
[Source "ChessBase"]
[SourceDate "2022.01.31"]
[SourceVersion "1"]
[SourceVersionDate "2022.01.31"]
[SourceQuality "1"]

1. e4 e6 2. d4 d5 3. Nc3 Bb4 4. Nge2 dxe4 5. a3 Be7 6. Nxe4 Nf6 7. N2g3 0-0 8. Nxf6+ Bxf6 9. Be3 Nc6 10. c3 e5 11. d5 Ne7 12. Bc4 Nf5 13. Nxf5 Bxf5 14. Qf3 Bg6 15. 0-0 Qd6 16. Qg3 Rfe8 17. Rac1 e4 18. Qxd6 cxd6 19. Rc2 Be5 20. Bb5 Red8 21. c4 f5 22. g3 Bf7 23. Bg5 Rdb8 24. Bd7 Bg6 25. b4 h6 26. Be3 Rd8 27. Be6+ Kf8 28. Rd1 b6 29. Rdc1 Ke7 30. c5 bxc5 31. bxc5 dxc5 32. Rxc5 Kf6 33. Rc6 Be8 34. Rc7 g5 35. Rb7 a5 36. Bc5 Bd6 37. Bd4+ Be5 38. Bc5 Bd6 39. Bb6 Rdb8 40. Rxb8 Rxb8 41. Bxa5 Bxa3 42. Bc3+ Kg6 43. Ra1 Bc5 44. Be5 Rb7 45. Kg2 Bf7 46. Bc8 Re7 47. Ra6+ Kh5 48. Bxf5 1-0

[Event "Blankenese op 3rd"]
[Site "Hamburg"]
[Date "2019.10.05"]
[Round "5"]
[White "Pienski, Olaf"]
[Black "Burgtorf, Benjamin"]
[Result "1-0"]
[WhiteElo "2004"]
[BlackElo "1807"]
[PlyCount "83"]
[EventDate "2019.10.03"]
[EventType "swiss"]
[EventRounds "7"]
[EventCountry "GER"]
[SourceTitle "EXT 2023"]
[Source "ChessBase"]
[SourceDate "2022.10.05"]
[SourceVersion "1"]
[SourceVersionDate "2022.10.05"]
[SourceQuality "1"]

1. e4 c5 2. Nf3 Nc6 3. Nc3 e5 4. Bc4 Be7 5. 0-0 d6 6. d3 Nf6 7. h3 0-0 8. Bg5 Be6 9. Bxf6 Bxf6 10. Nd5 Bg5 11. c3 Bh6 12. a3 Kh8 13. b4 f5 14. exf5 Bxf5 15. bxc5 dxc5 16. Re1 Qd6 17. Ne3 Bg6 18. Ng4 Bf4 19. Qe2 Rad8 20. Rad1 Rfe8 21. g3 h5 22. Ngh2 Bh6 23. Nh4 Na5 24. Bb5 Re7 25. N2f3 a6 26. Nxg6+ Qxg6 27. Ba4 b5 28. Bc2 Nc6 29. Nh4 Qf6 30. Qxh5 Rf7 31. Rf1 g5 32. Ng2 Rg8 33. Qg4 Rd8 34. Ne3 Ne7 35. Qe4 Qe6 36. Ng4 Bg7 37. d4 Nf5 38. Ne3 Rdf8 39. g4 Qh6 40. Nxf5 Qxh3 41. Rd3 Qh7 42. Kg2 1-0

[Event "Blankenese op 3rd"]
[Site "Hamburg"]
[Date "2019.10.04"]
[Round "4"]
[White "Pienski, Olaf"]
[Black "Klaus, Felix"]
[Result "1-0"]
[WhiteElo "2004"]
[BlackElo "1342"]
[PlyCount "89"]
[EventDate "2019.10.03"]
[EventType "swiss"]
[EventRounds "7"]
[EventCountry "GER"]
[SourceTitle "EXT 2023"]
[Source "ChessBase"]
[SourceDate "2022.10.05"]
[SourceVersion "1"]
[SourceVersionDate "2022.10.05"]
[SourceQuality "1"]

1. e4 c5 2. Nf3 Nc6 3. d4 cxd4 4. Nxd4 g6 5. Nc3 a6 6. Be3 Bg7 7. Be2 e6 8. Qd2 Nge7 9. f4 d6 10. 0-0-0 b5 11. Nxc6 Nxc6 12. Qxd6 Qxd6 13. Rxd6 Bb7 14. e5 0-0 15. Bf3 Na5 16. Bxb7 Nxb7 17. Rd7 Na5 18. Ne4 Nc6 19. Rhd1 Rad8 20. Nc5 Rxd7 21. Rxd7 Rd8 22. Rxd8+ Nxd8 23. Nxa6 Bf8 24. c3 Nc6 25. Kc2 Be7 26. a3 Kf8 27. Nc7 b4 28. axb4 Nxb4+ 29. cxb4 Bxb4 30. Na6 Ba5 31. b4 Bd8 32. b5 Kg7 33. b6 Bxb6 34. Bxb6 f6 35. Kd3 f5 36. Nc7 Kf7 37. Bf2 Ke7 38. Bh4+ Kd7 39. Na6 Ke8 40. Nc5 Kf7 41. Bf6 h6 42. h4 g5 43. h5 gxf4 44. Ke2 f3+ 45. gxf3 1-0

[Event "Blankenese op 3rd"]
[Site "Hamburg"]
[Date "2019.10.03"]
[Round "1"]
[White "Fuhrmann, Frederik"]
[Black "Pienski, Olaf"]
[Result "0-1"]
[WhiteElo "1537"]
[BlackElo "2004"]
[PlyCount "138"]
[EventDate "2019.10.03"]
[EventType "swiss"]
[EventRounds "7"]
[EventCountry "GER"]
[SourceTitle "EXT 2023"]
[Source "ChessBase"]
[SourceDate "2022.10.05"]
[SourceVersion "1"]
[SourceVersionDate "2022.10.05"]
[SourceQuality "1"]

1. c4 e5 2. g3 d6 3. Bg2 Nf6 4. Nc3 g6 5. e3 Bg7 6. Nge2 c6 7. 0-0 0-0 8. d3 Re8 9. b4 d5 10. cxd5 Nxd5 11. Nxd5 cxd5 12. Rb1 Be6 13. b5 Nd7 14. a4 Rc8 15. Ba3 Nf6 16. d4 e4 17. h3 Qd7 18. Nf4 Rc4 19. Nxe6 Qxe6 20. Rc1 Rec8 21. Qb3 Bf8 22. Rxc4 dxc4 23. Qa2 Bxa3 24. Qxa3 a6 25. Rc1 Qb6 26. bxa6 Qxa6 27. Qb4 Nd5 28. Qb5 Qxb5 29. axb5 f5 30. Bf1 Nb6 31. Be2 Kf7 32. Kf1 Ke6 33. Ke1 Kd5 34. Kd2 Ra8 35. Rc2 Ra5 36. Rb2 Ra3 37. Kc1 Ra1+ 38. Rb1 Ra3 39. Rb2 Nc8 40. Rb4 Nd6 41. Kb2 Ra5 42. Kc3 Ra3+ 43. Kb2 Ra8 44. Kc3 Ra1 45. Rb2 b6 46. Kd2 Ra3 47. Kc1 Ra5 48. Kc2 Rxb5 49. Kc3 Rxb2 50. Kxb2 b5 51. Kc3 Ne8 52. Kb4 Nc7 53. Bd1 Kc6 54. Be2 Nd5+ 55. Ka5 Nc3 56. Bf1 Nd5 57. Be2 Nc7 58. Bd1 Ne8 59. Be2 Nd6 60. Bd1 Nb7+ 61. Kb4 Nd6 62. Ka5 Ne8 63. Be2 Nf6 64. Bd1 h6 65. Be2 Nd5 66. Bf1 Nc3 67. Kb4 Nd1 68. Be2 Nxf2 69. h4 Nd3+ 0-1

[Event "Blankenese op 3rd"]
[Site "Hamburg"]
[Date "2019.10.03"]
[Round "2"]
[White "Pienski, Olaf"]
[Black "Wegemund, Hubert"]
[Result "0-1"]
[WhiteElo "2004"]
[BlackElo "1796"]
[PlyCount "78"]
[EventDate "2019.10.03"]
[EventType "swiss"]
[EventRounds "7"]
[EventCountry "GER"]
[SourceTitle "EXT 2023"]
[Source "ChessBase"]
[SourceDate "2022.10.05"]
[SourceVersion "1"]
[SourceVersionDate "2022.10.05"]
[SourceQuality "1"]

1. e4 d6 2. d4 Nf6 3. Nc3 g6 4. Be3 c6 5. a4 a5 6. Nf3 Na6 7. h3 Nb4 8. Be2 Bg7 9. 0-0 0-0 10. Qd2 d5 11. e5 Ne8 12. Nd1 Bf5 13. Ne1 f6 14. c3 Na6 15. f4 Nec7 16. Nf2 c5 17. Bf3 cxd4 18. cxd4 Nb4 19. g4 Bd7 20. Nfd3 Nc6 21. Nc2 b6 22. Qg2 Bc8 23. b4 axb4 24. Ncxb4 Nxb4 25. Nxb4 Bb7 26. Rfc1 e6 27. Rc2 Qd7 28. Rca2 Na6 29. Bd2 fxe5 30. fxe5 Nxb4 31. Bxb4 Rf4 32. Bc3 Raf8 33. Rf1 Ba6 34. Rff2 Bc4 35. Rab2 Qxa4 36. Kh2 b5 37. Qg3 Qa1 38. Kg2 b4 39. Rf1 Qxf1+ 0-1

[Event "Blankenese op 2nd"]
[Site "Hamburg"]
[Date "2018.10.01"]
[Round "5.12"]
[White "Pienski, Olaf"]
[Black "Garner, Isaac"]
[Result "1-0"]
[WhiteElo "2089"]
[BlackElo "1837"]
[PlyCount "67"]
[EventDate "2018.09.29"]
[EventType "swiss"]
[EventRounds "7"]
[EventCountry "GER"]
[SourceTitle "EXT 2020"]
[Source "ChessBase"]
[SourceDate "2019.10.17"]
[SourceVersion "1"]
[SourceVersionDate "2019.10.17"]
[SourceQuality "1"]

1. Nf3 d5 2. g3 Nf6 3. Bg2 c5 4. 0-0 e6 5. c4 Be7 6. cxd5 Nxd5 7. Nc3 Nc6 8. d3 0-0 9. Bd2 Bf6 10. Qc2 Rb8 11. Nxd5 Qxd5 12. Bf4 Nb4 13. Qd2 Ra8 14. a3 Na6 15. Rac1 Qb3 16. Be5 Bxe5 17. Nxe5 Rb8 18. Rc3 Qb6 19. Rfc1 Qc7 20. Qf4 f6 21. Nc4 e5 22. Qh4 Be6 23. b4 cxb4 24. axb4 Rfc8 25. b5 Nc5 26. Ne3 Qb6 27. Nd5 Qd6 28. Ne3 Qb6 29. Qb4 Na6 30. Rxc8+ Bxc8 31. Bd5+ Be6 32. Bxe6+ Qxe6 33. bxa6 Qxa6 34. Qe7 1-0

[Event "Blankenese op 2nd"]
[Site "Hamburg"]
[Date "2018.09.29"]
[Round "2.11"]
[White "Helmer, Jan"]
[Black "Pienski, Olaf"]
[Result "1/2-1/2"]
[WhiteElo "1826"]
[BlackElo "2089"]
[PlyCount "139"]
[EventDate "2018.09.29"]
[EventType "swiss"]
[EventRounds "7"]
[EventCountry "GER"]
[SourceTitle "EXT 2020"]
[Source "ChessBase"]
[SourceDate "2019.10.17"]
[SourceVersion "1"]
[SourceVersionDate "2019.10.17"]
[SourceQuality "1"]

1. d4 d6 2. e4 Nf6 3. Nc3 g6 4. Nf3 Bg7 5. Be3 c6 6. Qd2 Nbd7 7. Be2 b5 8. e5 b4 9. Na4 Nd5 10. Bh6 Bxh6 11. Qxh6 Qa5 12. b3 dxe5 13. Qg7 Rf8 14. Ng5 exd4 15. Nxh7 N5f6 16. Nxf8 Nxf8 17. 0-0 Be6 18. Bf3 Bd5 19. Rfe1 Kd7 20. Re5 Nh5 21. Bxd5 Nxg7 22. Bxc6+ Kxc6 23. Rxa5 Nd7 24. Rg5 e5 25. Nb2 Ne6 26. Rg3 Kd5 27. a3 Rc8 28. Nd3 bxa3 29. Rxa3 Rc7 30. f3 Kd6 31. Ra6+ Ke7 32. Nb4 Nf4 33. Rg4 Kf8 34. g3 Ne6 35. Rc6 Rb7 36. Nd5 Kg7 37. Rh4 d3 38. cxd3 Rxb3 39. Rc3 Rb1+ 40. Kf2 Rb2+ 41. Kf1 Nd4 42. Re4 Nxf3 43. Re2 Nxh2+ 44. Ke1 Rb1+ 45. Kf2 Ng4+ 46. Kf3 Ngf6 47. Nxf6 Kxf6 48. Rc7 Nf8 49. Rxa7 Ne6 50. Rf2 Nd8 51. Ke4+ Ke6 52. Ra6+ Ke7 53. Kxe5 Rb5+ 54. Ke4 Rg5 55. Kf4 Rd5 56. Re2+ Ne6+ 57. Ke3 Rg5 58. Kf3 Rd5 59. Re3 Rd7 60. g4 Kf6 61. Ra5 Rd4 62. Kg3 Rd7 63. Rf3+ Kg7 64. g5 Nd4 65. Rf6 Ne6 66. Rxe6 fxe6 67. Kf4 Rxd3 68. Ra7+ Kg8 69. Ke5 Rf3 70. Kxe6 1/2-1/2

[Event "Blankenese op 2nd"]
[Site "Hamburg"]
[Date "2018.09.29"]
[Round "1.13"]
[White "Pienski, Olaf"]
[Black "Cieslak, Mark"]
[Result "1-0"]
[WhiteElo "2089"]
[BlackElo "1759"]
[PlyCount "146"]
[EventDate "2018.09.29"]
[EventType "swiss"]
[EventRounds "7"]
[EventCountry "GER"]
[SourceTitle "EXT 2020"]
[Source "ChessBase"]
[SourceDate "2019.10.17"]
[SourceVersion "1"]
[SourceVersionDate "2019.10.17"]
[SourceQuality "1"]

1. e4 e5 2. Nf3 f5 3. d3 d6 4. Nc3 Nf6 5. g3 Be7 6. Bg2 0-0 7. h3 Kh8 8. Qe2 c6 9. Bd2 b5 10. 0-0 b4 11. Nd1 fxe4 12. dxe4 Ba6 13. Qe1 Bxf1 14. Kxf1 a5 15. Kg1 Nbd7 16. Nh4 Nc5 17. Nf5 g6 18. Nxe7 Qxe7 19. Bg5 Ne6 20. Bh6 Rf7 21. Bd2 Nh5 22. a3 Nd4 23. Ne3 b3 24. c3 Nf3+ 25. Bxf3 Rxf3 26. Qe2 Rff8 27. Ng4 Qe6 28. Bg5 a4 29. Rd1 Ra5 30. Kg2 Ng7 31. Rd3 h5 32. Nh2 Ra7 33. Nf3 Raf7 34. Qd2 d5 35. Qe2 Re8 36. Bd2 dxe4 37. Qxe4 Qf5 38. Qxf5 Nxf5 39. Ng5 Rfe7 40. Ne4 Re6 41. g4 Ne7 42. Nc5 e4 43. Rd7 Re5 44. Be3 Kg8 45. Bd4 Rd5 46. Ra7 hxg4 47. hxg4 Rxd4 48. cxd4 Nd5 49. Rxa4 Nf4+ 50. Kf1 Nd3 51. Ke2 Rb8 52. Nxd3 exd3+ 53. Kxd3 Rf8 54. Ke2 Re8+ 55. Kf3 Rf8+ 56. Kg3 Kf7 57. d5 Rc8 58. dxc6 Rd8 59. Rc4 Ke6 60. c7 Rc8 61. f4 Kd5 62. Rc3 Kd4 63. Kh4 Kd5 64. Kg5 Kd4 65. Kxg6 Ke4 66. Rc4+ Kd5 67. Rc3 Ke4 68. f5 Ke5 69. a4 Kd6 70. f6 Rg8+ 71. Kf7 Rc8 72. g5 Kd7 73. g6 Rxc7 1-0

[Event "Blankenese op 1st"]
[Site "Hamburg"]
[Date "2017.10.03"]
[Round "5.22"]
[White "Pienski, Olaf"]
[Black "Zippert, Georg"]
[Result "1-0"]
[WhiteElo "1998"]
[BlackElo "1800"]
[PlyCount "71"]
[EventDate "2017.09.30"]
[EventType "swiss"]
[EventRounds "7"]
[EventCountry "GER"]
[SourceTitle "EXT 2020"]
[Source "ChessBase"]
[SourceDate "2019.10.17"]
[SourceVersion "1"]
[SourceVersionDate "2019.10.17"]
[SourceQuality "1"]

1. g3 e5 2. Bg2 d5 3. d3 Nf6 4. Nf3 Nc6 5. 0-0 Be7 6. c3 0-0 7. Qc2 Bf5 8. Nbd2 Re8 9. e4 dxe4 10. dxe4 Be6 11. b4 b5 12. Bb2 Nd7 13. Rfd1 Qc8 14. Bf1 a6 15. a3 Bf6 16. c4 Qb7 17. cxb5 axb5 18. Rac1 Ndb8 19. Qc5 Ra6 20. Qxb5 Rb6 21. Qa4 Rd8 22. Nc4 Bg4 23. Rxd8+ Bxd8 24. Nfxe5 Ra6 25. Qc2 Be6 26. Ne3 Rb6 27. N5c4 Rb5 28. Rd1 Qc8 29. Nd6 cxd6 30. Bxb5 Be7 31. Rc1 Bd7 32. Nf5 Bf8 33. Qc3 Qb7 34. Nh6+ Kh8 35. Nxf7+ Kg8 36. Nxd6 1-0

[Event "Blankenese op 1st"]
[Site "Hamburg"]
[Date "2017.10.03"]
[Round "6.17"]
[White "Wunderlich, Fabian"]
[Black "Pienski, Olaf"]
[Result "0-1"]
[WhiteElo "1808"]
[BlackElo "1998"]
[PlyCount "74"]
[EventDate "2017.09.30"]
[EventType "swiss"]
[EventRounds "7"]
[EventCountry "GER"]
[SourceTitle "EXT 2020"]
[Source "ChessBase"]
[SourceDate "2019.10.17"]
[SourceVersion "1"]
[SourceVersionDate "2019.10.17"]
[SourceQuality "1"]

1. Nf3 g6 2. d4 Bg7 3. c4 c5 4. Nc3 cxd4 5. Nxd4 Nc6 6. Nxc6 bxc6 7. e4 d6 8. Qc2 Nf6 9. Be2 0-0 10. 0-0 Be6 11. Rd1 Qc8 12. Bf4 Nd7 13. Qd2 Qb7 14. Rab1 a5 15. Bh6 Bxh6 16. Qxh6 Nf6 17. h4 Qb4 18. h5 Bxc4 19. Rd4 d5 20. e5 Nd7 21. hxg6 fxg6 22. Rh4 Kf7 23. Qxh7+ Ke8 24. Qxg6+ Kd8 25. Qxc6 Rc8 26. Qh6 Qc5 27. Bf3 Kc7 28. Rd1 Nxe5 29. Nxd5+ Bxd5 30. Bxd5 Qxf2+ 31. Kh1 Rf6 32. Qh7 Re8 33. Rc1+ Kd6 34. Bb3 Rg6 35. Rc2 Qe1+ 36. Kh2 Qg3+ 37. Kg1 Nf3+ 0-1

[Event "Ghent Eastman op 40th"]
[Site "Ghent"]
[Date "2017.07.16"]
[Round "3"]
[White "Pienski, Olaf"]
[Black "Ward, Christopher"]
[Result "0-1"]
[WhiteElo "2093"]
[BlackElo "2441"]
[PlyCount "65"]
[EventDate "2017.07.15"]
[EventType "swiss"]
[EventRounds "9"]
[EventCountry "BEL"]
[SourceTitle "CBM 179 Extra"]
[Source "ChessBase"]
[SourceDate "2017.08.23"]
[SourceVersion "1"]
[SourceVersionDate "2017.08.23"]
[SourceQuality "1"]

1. c4 b6 2. Nc3 Bb7 3. e4 e6 4. d4 Bb4 5. f3 Qh4+ 6. g3 Bxc3+ 7. bxc3 Qh5 8. Nh3 f5 9. Nf4 Qf7 10. exf5 Qxf5 11. Bd3 Qa5 12. Bd2 Nf6 13. 0-0 0-0 14. Qc2 e5 15. Nd5 Bxd5 16. cxd5 Qxd5 17. dxe5 Qxe5 18. Rae1 Qd5 19. c4 Qd6 20. Bf4 Qc6 21. Qb3 Kh8 22. Qa3 d6 23. Bg5 Nbd7 24. Be4 Nxe4 25. Rxe4 Ne5 26. Bf4 Ng6 27. Bg5 Rae8 28. Rfe1 h6 29. Bc1 Ne5 30. Bf4 Nxc4 31. Qc3 Rxe4 32. Rxe4 d5 33. Bxh6 0-1

[Event "Ghent Taminco op 39th"]
[Site "Ghent"]
[Date "2016.07.19"]
[Round "7"]
[White "Pienski, Olaf"]
[Black "Sadkowsky, Daniel"]
[Result "1/2-1/2"]
[WhiteElo "2168"]
[BlackElo "2260"]
[PlyCount "32"]
[EventDate "2016.07.16"]
[EventType "swiss"]
[EventRounds "9"]
[EventCountry "BEL"]
[SourceTitle "CBM 173 Extra"]
[Source "ChessBase"]
[SourceDate "2016.08.29"]
[SourceVersion "1"]
[SourceVersionDate "2016.08.29"]
[SourceQuality "1"]

1. e4 g6 2. d4 Bg7 3. Nc3 d6 4. g3 Nf6 5. Bg2 0-0 6. Nge2 Nbd7 7. 0-0 c5 8. h3 cxd4 9. Nxd4 Nc5 10. Be3 Ne6 11. Re1 Nxd4 12. Bxd4 Be6 13. Nd5 Bxd5 14. exd5 Re8 15. Qd2 Nd7 16. Re3 Bxd4 1/2-1/2

[Event "Bremen-ch op"]
[Site "Bremen"]
[Date "2016.03.26"]
[Round "9"]
[White "Pienski, Olaf"]
[Black "Heldt, Nils Lennart"]
[Result "1-0"]
[WhiteElo "2167"]
[BlackElo "1928"]
[PlyCount "151"]
[EventDate "2016.03.19"]
[EventType "swiss"]
[EventRounds "9"]
[EventCountry "GER"]
[SourceTitle "EXT 2018"]
[Source "ChessBase"]
[SourceDate "2017.10.13"]
[SourceVersion "1"]
[SourceVersionDate "2017.10.13"]
[SourceQuality "1"]

1. e4 c5 2. Nf3 d6 3. d4 cxd4 4. Nxd4 Nf6 5. Nc3 a6 6. Be2 Nbd7 7. 0-0 b5 8. a4 b4 9. Nd5 Bb7 10. Nxb4 Nxe4 11. Bf3 Qc7 12. Re1 Ndf6 13. Be3 e6 14. Nb3 d5 15. Nd3 Bd6 16. h3 a5 17. Nd4 Ba6 18. c3 0-0 19. Nb5 Bxb5 20. axb5 Nc5 21. b6 Qc6 22. Bd4 Nfd7 23. c4 Nxb6 24. cxd5 exd5 25. Nxc5 Bxc5 26. Rc1 Nc4 27. b3 Bxd4 28. Qxd4 Qb6 29. Rxc4 Qxb3 30. Rc3 Qb2 31. Rd3 Qxd4 32. Rxd4 a4 33. Bxd5 Ra7 34. Red1 a3 35. Ba2 Raa8 36. R4d3 g6 37. Rc1 Ra7 38. Rcc3 Rfa8 39. Kf1 Kg7 40. Ke2 f6 41. Kd2 g5 42. g3 h6 43. Kc2 Re8 44. Re3 Rd8 45. Kb1 Kg6 46. Ka1 Kg7 47. Bb3 Rb8 48. Ka2 Rb5 49. Rf3 Rb6 50. Rc4 Rba6 51. Rfc3 Kg6 52. g4 Re6 53. Rf3 h5 54. Bc2+ Kh6 55. Rcc3 Rea6 56. Rxa3 Rxa3+ 57. Rxa3 Re7 58. Kb2 Kg7 59. Rf3 hxg4 60. hxg4 Rc7 61. Bf5 Rb7+ 62. Kc2 Ra7 63. Kd1 Ra1+ 64. Ke2 Rh1 65. Ra3 Kf8 66. Ra7 Rc1 67. f3 Rc6 68. Bd3 Re6+ 69. Be4 Rb6 70. Rb7 Ra6 71. Kd3 Ra3+ 72. Kd4 Ra4+ 73. Kc5 Ra5+ 74. Kd6 Re5 75. Rc7 Re8 76. Bd5 1-0

[Event "Bremen-ch op"]
[Site "Bremen"]
[Date "2016.03.20"]
[Round "3"]
[White "Mueller, Wolfgang"]
[Black "Pienski, Olaf"]
[Result "1/2-1/2"]
[WhiteElo "2018"]
[BlackElo "2167"]
[PlyCount "123"]
[EventDate "2016.03.19"]
[EventType "swiss"]
[EventRounds "9"]
[EventCountry "GER"]
[SourceTitle "EXT 2018"]
[Source "ChessBase"]
[SourceDate "2017.10.13"]
[SourceVersion "1"]
[SourceVersionDate "2017.10.13"]
[SourceQuality "1"]

1. e4 e5 2. Nf3 Nc6 3. c3 Nf6 4. d4 exd4 5. e5 Nd5 6. cxd4 Bb4+ 7. Bd2 Bxd2+ 8. Qxd2 d6 9. Bb5 0-0 10. 0-0 Bg4 11. Bxc6 bxc6 12. Ng5 f6 13. exf6 Qxf6 14. Nc3 Nf4 15. Nge4 Qg6 16. Ng3 h5 17. f3 Bd7 18. Nce2 Nd5 19. Rac1 Rae8 20. Ne4 h4 21. Kh1 h3 22. Rg1 Rxe4 23. fxe4 hxg2+ 24. Rxg2 Qxe4 25. Ng3 Qh4 26. Re1 Rf4 27. Ne2 Rg4 28. Rxg4 Bxg4 29. Ng1 Bf5 30. Re8+ Kh7 31. Qe1 Qf4 32. h3 Nf6 33. Qe3 Be4+ 34. Rxe4 Qxe4+ 35. Qxe4+ Nxe4 36. Kg2 Kg6 37. Kf3 Kf5 38. Ke3 Nf6 39. Ne2 Nd5+ 40. Kf3 Nf6 41. h4 Ne4 42. b3 a6 43. Nf4 Nc3 44. a4 Nd5 45. Nh5 Kg6 46. Ng3 Kf6 47. Ke4 Ke6 48. a5 g6 49. Ne2 Kf6 50. Ng1 Kg7 51. Ne2 Kh6 52. Ng3 Nb4 53. Kf4 Nc2 54. Ne2 Kh5 55. Kg3 Ne3 56. Nf4+ Kh6 57. Ne6 Nd5 58. Kg4 Ne3+ 59. Kf4 Nd5+ 60. Kg4 Ne3+ 61. Kf4 Nd5+ 62. Kg4 1/2-1/2

[Event "Bremen-ch op"]
[Site "Bremen"]
[Date "2016.03.19"]
[Round "1"]
[White "Niefund, Michael"]
[Black "Pienski, Olaf"]
[Result "0-1"]
[WhiteElo "1795"]
[BlackElo "2167"]
[PlyCount "72"]
[EventDate "2016.03.19"]
[EventType "swiss"]
[EventRounds "9"]
[EventCountry "GER"]
[SourceTitle "EXT 2018"]
[Source "ChessBase"]
[SourceDate "2017.10.13"]
[SourceVersion "1"]
[SourceVersionDate "2017.10.13"]
[SourceQuality "1"]

1. Nf3 Nf6 2. d4 d6 3. Bf4 Nbd7 4. h3 g6 5. c4 Bg7 6. Nc3 0-0 7. g4 c5 8. d5 a6 9. a4 Qa5 10. Bd2 Qc7 11. Bf4 b6 12. Bg2 Bb7 13. 0-0 Rad8 14. Qd2 Ne5 15. Nxe5 dxe5 16. Bg3 h5 17. g5 Ne8 18. e4 Nd6 19. Qe2 Bc8 20. Rae1 f6 21. gxf6 exf6 22. f4 Qe7 23. Kh2 Bd7 24. Rg1 exf4 25. Bxf4 Nf7 26. Bc7 Rc8 27. Bxb6 Qd6+ 28. e5 Nxe5 29. Kh1 Qxb6 30. Ne4 Qb3 31. Rc1 Qd3 32. Qf2 Bxh3 33. Rc3 Bxg2+ 34. Qxg2 Qd4 35. Rh3 Ng4 36. b3 Qxe4 0-1